Management information systems. / (Record no. 23166)
[ view plain ]
| 000 -LEADER | |
|---|---|
| fixed length control field | 00640nam a2200217 a 4500 |
| 005 - DATE AND TIME OF LATEST TRANSACTION | |
| control field | 20140310183443.0 |
| 008 - FIXED-LENGTH DATA ELEMENTS--GENERAL INFORMATION | |
| fixed length control field | 080909s19uu xx 00 eng d |
| 020 ## - INTERNATIONAL STANDARD BOOK NUMBER | |
| International Standard Book Number | 0132050293 |
| 050 ## - LIBRARY OF CONGRESS CALL NUMBER | |
| Classification number | T 8.6 |
| Item number | .M4239 2007 |
| 100 ## - MAIN ENTRY--PERSONAL NAME | |
| Personal name | McLeod, Raymond Jr. |
| 245 ## - TITLE STATEMENT | |
| Title | Management information systems. / |
| 250 ## - EDITION STATEMENT | |
| Edition statement | 10th ed. |
| 260 ## - PUBLICATION, DISTRIBUTION, ETC. (IMPRINT) | |
| Place of publication, distribution, etc | Upper Saddle River, New Jersey : |
| Name of publisher, distributor, etc | Pearson Education Inc, |
| Date of publication, distribution, etc | 2007. |
| 300 ## - PHYSICAL DESCRIPTION | |
| Extent | 447 p; |
| Other physical details | ill. ; |
| Dimensions | 26 cm. |
| 440 ## - SERIES STATEMENT/ADDED ENTRY--TITLE | |
| Title | Pearson International ed. |
| 650 ## - SUBJECT ADDED ENTRY--TOPICAL TERM | |
| Topical term or geographic name as entry element | Computer Studies. |
| 650 ## - SUBJECT ADDED ENTRY--TOPICAL TERM | |
| Topical term or geographic name as entry element | Management information systems. |
| 700 ## - ADDED ENTRY--PERSONAL NAME | |
| Personal name | Schell, George P. |
| 942 ## - ADDED ENTRY ELEMENTS (KOHA) | |
| Koha item type | Books |
| Source of classification or shelving scheme | Library of Congress Classification |
| Call number prefix | Foreign |
| Withdrawn status | Lost status | Source of classification or shelving scheme | Damaged status | Home library | Current library | Shelving location | Date acquired | Source of acquisition | Total Checkouts | Full call number | Barcode | Date last seen | Copy number | Price effective from | Koha item type |
|---|---|---|---|---|---|---|---|---|---|---|---|---|---|---|---|
| Library of Congress Classification | College Library | College Library | General Circulation Section | 01/09/2014 | Donation | T 8.6 .M4239 2007 | C9722 | 05/15/2018 | 1 | 01/09/2014 | Books |